|
|
|
|
| LEADER |
00000nam0a2200000 4500 |
| 001 |
325836 |
| 005 |
20231102003812.0 |
| 020 |
|
|
|a RU
|b 87-10198и
|
| 035 |
|
|
|a (RuTPU)RU\TPU\book\351452
|
| 090 |
|
|
|a 325836
|
| 100 |
|
|
|a 20161213d1987 km y0rusy5003 ca
|
| 101 |
0 |
|
|a rus
|
| 102 |
|
|
|a RU
|
| 105 |
|
|
|a a z 001zy
|
| 200 |
1 |
|
|a Идущие впереди
|e альбом
|f авт.-сост. И. И. Купцов
|
| 210 |
|
|
|a Москва
|c Совтский художник
|d 1987
|
| 215 |
|
|
|a 199 с.
|c ил.
|
| 225 |
1 |
|
|a Страна Советов
|
| 320 |
|
|
|9 572
|a Список иллюстраций: с. 194-199
|
| 606 |
1 |
|
|a Изобразительное искусство
|2 stltpush
|3 (RuTPU)RU\TPU\subj\12291
|9 39102
|
| 610 |
1 |
|
|a альбомы
|
| 610 |
1 |
|
|a живопись
|
| 610 |
1 |
|
|a плакаты
|
| 610 |
1 |
|
|a советское искусство
|
| 610 |
1 |
|
|a 20 век
|
| 675 |
|
|
|a 75(084)
|z rus
|v 3
|
| 801 |
|
0 |
|a RU
|b RuMRKP
|c 19950417
|g psbo
|
| 801 |
|
1 |
|a RU
|b 63413507
|c 20161213
|
| 801 |
|
2 |
|a RU
|b 63413507
|c 20200618
|g RCR
|
| 942 |
|
|
|c BK
|